000 00912nam a22002177a 4500
999 _c6833
_d6833
003 AR-CdUCM
008 190319b ||||| |||| 00| 0 spa d
040 _aMUNICIPALIDAD PROVINCIAL DEL CUSCO
_cBIBLIOTECA MUNICIPAL DEL CUSCO
082 _a305.906 /
_bEX97
110 _aUNICEF.
_99438
245 _aLa exclusión social en el Perú :
_bderechos humanos de la niñez y la mujer en los Andes, la Amazonía y zonas urbano-marginales /
260 _aLima :
_bUNICEF,
_c2001.
300 _a127 páginas ;
_bilustraciones, diagramas,
_c30 cm.
505 _aContenido: La exclusión en el Perú -- La exclusión Andina -- La exclusión Amazónica -- La exclusión en zonas marginales -- Perfil de un país que sigue esperando ...
650 _aDerechos de la mujer
_911616
650 _aDerechos del niño
_92988
650 _aDerechos humanos
_93264
650 _aPerú
_935
942 _2ddc
_cLIBROS
945 _aachl